USA/Mexico: States by Highest Average Elevation - Statistics

General Stats
  • This quiz has been taken 11 times
    8 since last reset
  • The average score is 17 of 20
Answer Stats
Country Elevation (ft) Elevation (m) Answer % Correct
USA 6,758 2,060 Colorado
100%
Mexico 6,755 2,059 México
100%
Mexico 7,525 2,280 Mexico City
100%
USA 4,452 1,357 Montana
100%
USA 4,839 1,475 Nevada
100%
USA 5,534 1,687 New Mexico
100%
Mexico 5,026 1,532 Puebla
100%
USA 6,154 1,876 Utah
100%
USA 6,358 1,938 Wyoming
100%
Mexico 5,823 1,775 Durango
80%
USA 5,029 1,533 Idaho
80%
Mexico 6,522 1,988 Querétaro
80%
Mexico 4,954 1,510 San Luis Potosí
80%
Mexico 6,151 1,875 Zacatecas
80%
Mexico 6,853 2,089 Aguascalientes
60%
Mexico 4,583 1,397 Chihuahua
60%
Mexico 6,578 2,005 Guanajuato
60%
Mexico 5,820 1,774 Hidalgo
60%
Mexico 5,387 1,642 Morelos
60%
Mexico 8,333 2,540 Tlaxcala
60%
No matching quizzes found
Score Distribution
Percent of People with Each Score
Percentile by Number Answered
Your Score History
You have not taken this quiz since the last reset